[Event "DVM U12 2003"]
[Site "Verden/Aller GER"]
[Date "2003.12.28"]
[Round "3"]
[White "Kirch, Florian"]
[Black "Gossmann, Philipp"]
[Result "0-1"]
[Termination "normal"]
[Board "1.2"]
[WhiteElo "1604"]
[BlackElo "1323"]
[WhiteTeam "FSV Großenseebach"]
[BlackTeam "SG Porz"]
[PlyCount "180"]
[WhiteFideId "24605794"]
[EventCountry "GER"]
[EventRounds "7"]
[EventType "team-swiss"]
[EventDate "2003.12.26"]

1. d4 d5 2. c4 c6 3. Nc3 e6 4. Nf3 Nf6 5. Bf4 Nbd7 6. e3 Qa5 7. Qb3 Be7 8. Bd3
dxc4 9. Bxc4 O-O 10. O-O Nb6 11. Bd3 Nbd5 12. Bg5 Qc7 13. Qc2 h6 14. Bh4 Nb4
15. Qe2 Nxd3 16. Qxd3 Rd8 17. Bg3 Bd6 18. Bxd6 Qxd6 19. e4 Qf4 20. Rfe1 Qg4 21.
h3 Qg6 22. Re3 Nh5 23. Ne5 Qg5 24. Ne2 c5 25. Rf3 Rf8 26. Rc1 b6 27. Nc4 cxd4
28. Qxd4 Ba6 29. b3 Rac8 30. Rcc3 Rfd8 31. Qe3 Rd1+ 32. Kh2 Qe7 33. Ng3 Nf6 34.
Qe2 Rcd8 35. Rfd3 R1xd3 36. Rxd3 Rxd3 37. Qxd3 Qc7 38. Qd4 Bb7 39. e5 Qc6 40.
f3 Nd5 41. Qg4 Ne7 42. Nh5 Ng6 43. Nd6 Qd5 44. f4 Bc6 45. Nc8 Qd8 46. Nd6 Qh4
47. Qxh4 Nxh4 48. g4 Nf3+ 49. Kg3 Nd2 50. Nc8 Ne4+ 51. Kh2 Bd5 52. Nxa7 Nc3 53.
Nc8 b5 54. f5 Nxa2 55. Ne7+ Kf8 56. Nxd5 exd5 57. Nf4 Nc1 58. b4 d4 59. Kg2 d3
60. Nd5 d2 61. Nc3 Nd3 62. Kf1 Nc1 63. Kf2 Na2 64. Nd1 Nxb4 65. Ke2 Nc6 66.
Kxd2 Nxe5 67. Kc3 Nc6 68. Ne3 Ke7 69. Nd5+ Kd6 70. Nf4 Ke5 71. Nh5 g6 72. Ng7
Ne7 73. fxg6 fxg6 74. Kb4 Kf4 75. Kxb5 Kg3 76. Ne6 Kxh3 77. g5 h5 78. Kc4 Kg4
79. Kd4 h4 80. Ke3 Kf5 81. Nf4 Kxg5 82. Kf3 Kf5 83. Ne2 Nc6 84. Kg2 g5 85. Kh3
Kg6 86. Ng1 Kh5 87. Ne2 g4+ 88. Kg2 Nd8 89. Nf4+ Kg5 90. Ne2 Ne6 0-1

[Event "DVM U12 2003"]
[Site "Verden/Aller GER"]
[Date "2003.12.28"]
[Round "3"]
[White "Wittig, Till"]
[Black "Linsenmeyer, Mario"]
[Result "0-1"]
[Termination "normal"]
[Board "1.3"]
[WhiteElo "1176"]
[BlackElo "1489"]
[WhiteTeam "SG Porz"]
[BlackTeam "FSV Großenseebach"]
[PlyCount "100"]
[WhiteFideId "12944998"]
[BlackFideId "24635138"]
[EventCountry "GER"]
[EventRounds "7"]
[EventType "team-swiss"]
[EventDate "2003.12.26"]

1. e4 c5 2. Nc3 e6 3. Nf3 a6 4. Bc4 b5 5. Be2 Bb7 6. d3 Be7 7. Be3 d5 8. exd5
exd5 9. d4 c4 10. O-O Nf6 11. Re1 O-O 12. h3 Nbd7 13. b3 Rc8 14. Bd2 Nb6 15.
Qc1 Qc7 16. Nd1 Rfd8 17. Bf4 Bd6 18. Bxd6 Rxd6 19. Ne3 Ne4 20. Qb2 g6 21. bxc4
dxc4 22. Ne5 Na4 23. Qb4 Rxd4 24. Nf3 Rdd8 25. Bxc4 Nd6 26. Bb3 Nb6 27. a4 Qc5
28. Qxc5 Rxc5 29. Red1 Rcc8 30. axb5 Nxb5 31. Ne5 Rf8 32. Nd5 Nxd5 33. Bxd5
Bxd5 34. Rxd5 Rxc2 35. Rxa6 Nc7 36. Nd7 Nxd5 37. Nxf8 Kxf8 38. g3 Kg7 39. Kg2
Nb4 40. Ra3 Rd2 41. Kf1 Nd3 42. f4 Nc5 43. Ra7 Ne4 44. g4 Rf2+ 45. Ke1 Rxf4 46.
Ra5 Rf3 47. Ke2 Rxh3 48. Ra4 Nc3+ 49. Kf2 Nxa4 50. Kg2 Rb3 0-1

[Event "DVM U12 2003"]
[Site "Verden/Aller GER"]
[Date "2003.12.28"]
[Round "3"]
[White "Quaschner, Tobias"]
[Black "Akhundow, Sattar"]
[Result "1-0"]
[Termination "normal"]
[Board "1.4"]
[WhiteElo "1218"]
[BlackElo "1148"]
[WhiteTeam "FSV Großenseebach"]
[BlackTeam "SG Porz"]
[PlyCount "41"]
[WhiteFideId "24646989"]
[EventCountry "GER"]
[EventRounds "7"]
[EventType "team-swiss"]
[EventDate "2003.12.26"]

1. e4 e5 2. Nf3 Nf6 3. Nxe5 d6 4. Nf3 Nxe4 5. d3 Nf6 6. Be2 Be7 7. O-O O-O 8.
Nc3 Nc6 9. b3 Be6 10. Ng5 Re8 11. Nxe6 fxe6 12. Re1 e5 13. Ne4 d5 14. Ng3 Bc5
15. Be3 Bd4 16. c3 Bxe3 17. fxe3 Qd6 18. Nf5 Qd7 19. Bg4 Nxg4 20. Qxg4 Qf7 21.
Nh6+ 1-0

[Event "DVM U12 2003"]
[Site "Verden/Aller GER"]
[Date "2003.12.28"]
[Round "3"]
[White "Huschenbeth, Niclas"]
[Black "Zelbel, Patrick"]
[Result "1-0"]
[Termination "normal"]
[Board "2.1"]
[WhiteElo "1891"]
[BlackElo "1602"]
[WhiteTeam "SK Johanneum Eppendorf"]
[BlackTeam "SF Brackel 30"]
[PlyCount "69"]
[WhiteFideId "24604747"]
[BlackFideId "24624322"]
[EventCountry "GER"]
[EventRounds "7"]
[EventType "team-swiss"]
[EventDate "2003.12.26"]

1. e4 e5 2. Nf3 Nc6 3. Bb5 a6 4. Ba4 Nf6 5. O-O b5 6. Bb3 Be7 7. Re1 d6 8. c3
Bg4 9. h3 Bh5 10. d3 O-O 11. Nbd2 Na5 12. Bc2 c5 13. Nf1 Nc6 14. Ng3 Bg6 15.
Nh4 Nd7 16. Nhf5 Nb6 17. Qg4 Re8 18. h4 Bf8 19. h5 Bxf5 20. Nxf5 Kh8 21. Re3
Ne7 22. Rg3 Nxf5 23. exf5 f6 24. h6 Qc7 25. Qh4 Qf7 26. Bd1 Qe7 27. Bh5 Red8
28. hxg7+ Bxg7 29. Bg6 Bf8 30. Rh3 Rd7 31. Bxh7 Qxh7 32. Qxf6+ Bg7 33. Rxh7+
Kxh7 34. Qg6+ Kh8 35. f6 1-0

[Event "DVM U12 2003"]
[Site "Verden/Aller GER"]
[Date "2003.12.28"]
[Round "3"]
[White "Zeldin, Leonid"]
[Black "Moshtael, Wesal"]
[Result "1-0"]
[Termination "normal"]
[Board "2.2"]
[WhiteElo "1584"]
[BlackElo "1637"]
[WhiteTeam "SF Brackel 30"]
[BlackTeam "SK Johanneum Eppendorf"]
[PlyCount "41"]
[WhiteFideId "24636088"]
[BlackFideId "24618551"]
[EventCountry "GER"]
[EventRounds "7"]
[EventType "team-swiss"]
[EventDate "2003.12.26"]

1. e4 c5 2. Nf3 d6 3. d4 cxd4 4. Nxd4 Nf6 5. Nc3 a6 6. f3 b5 7. Be3 e6 8. Qd2
Nbd7 9. O-O-O Bb7 10. g4 Nb6 11. Bg5 h6 12. Bh4 g5 13. Bg3 Rc8 14. Ncxb5 axb5
15. Bxb5+ Nfd7 16. Nxe6 fxe6 17. Bxd6 Rh7 18. Rhf1 Bxd6 19. Qxd6 Qc7 20. Qxe6+
Re7 21. Qg8# 1-0

[Event "DVM U12 2003"]
[Site "Verden/Aller GER"]
[Date "2003.12.28"]
[Round "3"]
[White "Stellfeld, Tilman"]
[Black "Kartsev, Alexandr"]
[Result "0-1"]
[Termination "normal"]
[Board "2.3"]
[WhiteElo "1180"]
[BlackElo "1383"]
[WhiteTeam "SK Johanneum Eppendorf"]
[BlackTeam "SF Brackel 30"]
[PlyCount "106"]
[WhiteFideId "24651311"]
[BlackFideId "24647110"]
[EventCountry "GER"]
[EventRounds "7"]
[EventType "team-swiss"]
[EventDate "2003.12.26"]

1. d4 d5 2. c4 e5 3. cxd5 Qxd5 4. Nf3 e4 5. Nc3 Qa5 6. Nd2 Nf6 7. Nb3 Qb6 8. e3
Bb4 9. Bd2 O-O 10. Rc1 Bg4 11. Be2 Bxe2 12. Qxe2 Qa6 13. Qxa6 Nxa6 14. O-O c5
15. Ne2 cxd4 16. Nexd4 Bxd2 17. Nxd2 Nb4 18. a3 Nd3 19. Rc2 b6 20. Rd1 Rfc8 21.
Nxe4 Rxc2 22. Nxf6+ gxf6 23. Nxc2 Nxb2 24. Rb1 Nd3 25. Kf1 Rc8 26. Nd4 Rc3 27.
Rb3 Rc1+ 28. Ke2 Nc5 29. Rb2 Ra1 30. Nc2 Rc1 31. Kd2 Rh1 32. h3 Rf1 33. Ke2 Rc1
34. Nd4 Ra1 35. Nc2 Rc1 36. Nd4 Ra1 37. Nb3 Rxa3 38. Nd4 Na4 39. Rd2 Nc3+ 40.
Kf3 Kg7 41. Nf5+ Kg6 42. Ne7+ Kg7 43. Nf5+ Kg6 44. Nh4+ Kg5 45. g3 b5 46. Ng2
b4 47. h4+ Kh6 48. Rd6 b3 49. Rxf6+ Kg7 50. Rf5 b2 51. Rg5+ Kf8 52. Rc5 b1=Q
53. Rc8+ Kg7 0-1

[Event "DVM U12 2003"]
[Site "Verden/Aller GER"]
[Date "2003.12.28"]
[Round "3"]
[White "Wendling, Hannes"]
[Black "Boos, Philipp"]
[Result "1/2-1/2"]
[Termination "normal"]
[Board "3.1"]
[WhiteElo "1646"]
[BlackElo "1245"]
[WhiteTeam "Naumburger SV"]
[BlackTeam "USV TU Dresden"]
[PlyCount "81"]
[WhiteFideId "24624284"]
[EventCountry "GER"]
[EventRounds "7"]
[EventType "team-swiss"]
[EventDate "2003.12.26"]

1. e4 e5 2. Nc3 Nf6 3. g3 Bc5 4. Bg2 d6 5. Nge2 Be6 6. Nd5 Nbd7 7. O-O O-O 8.
h3 c6 9. Ndc3 d5 10. exd5 Nxd5 11. Kh2 N7f6 12. d3 Nxc3 13. Nxc3 Nd5 14. Ne4
Be7 15. Qe2 Qc7 16. Nd2 f5 17. f4 Rae8 18. fxe5 f4 19. Nf3 fxg3+ 20. Kxg3 Bf5
21. b3 Bd6 22. Bb2 Nf4 23. Qe3 Nxg2 24. Kxg2 Be7 25. Qf2 Qd7 26. Qg3 Rf7 27.
Kh2 Ref8 28. Nd4 Bg6 29. Rxf7 Bxf7 30. Rg1 g6 31. Qg4 Qxg4 32. Rxg4 Bd5 33. Kg3
c5 34. Nb5 Rf3+ 35. Kh2 Rf2+ 36. Kg1 Rxc2 37. Ba3 Rxa2 38. d4 a6 39. Nc7 Ra1+
40. Kf2 Ra2+ 41. Ke1 1/2-1/2

[Event "DVM U12 2003"]
[Site "Verden/Aller GER"]
[Date "2003.12.28"]
[Round "3"]
[White "Lorenz, Nicole"]
[Black "Mertens, Fridolin"]
[Result "1-0"]
[Termination "normal"]
[Board "3.2"]
[WhiteElo "1375"]
[BlackElo "1192"]
[WhiteTeam "USV TU Dresden"]
[BlackTeam "Naumburger SV"]
[PlyCount "59"]
[WhiteFideId "24623709"]
[BlackFideId "24671940"]
[EventCountry "GER"]
[EventRounds "7"]
[EventType "team-swiss"]
[EventDate "2003.12.26"]

1. d4 d5 2. c4 e6 3. Nc3 Nf6 4. f3 Nc6 5. cxd5 exd5 6. e3 Bd6 7. e4 dxe4 8.
fxe4 Bb4 9. d5 Ne7 10. Qa4+ Bd7 11. Qxb4 Rb8 12. Nf3 O-O 13. Be2 Re8 14. O-O b6
15. Bf4 Ra8 16. Rad1 c5 17. Qc4 Ng6 18. e5 Nh5 19. Bg5 f6 20. e6 Bc8 21. Bc1 f5
22. Ng5 Nf6 23. Bf3 Qd6 24. Nf7 Qc7 25. d6 Qb8 26. d7 Bxd7 27. exd7 Rf8 28.
d8=Q Rxd8 29. Rxd8+ Qxd8 30. Nxd8+ 1-0

[Event "DVM U12 2003"]
[Site "Verden/Aller GER"]
[Date "2003.12.28"]
[Round "3"]
[White "Pfefferkorn, Adrian"]
[Black "Osmanodja, Bilgin"]
[Result "1-0"]
[Termination "normal"]
[Board "3.3"]
[WhiteElo "1330"]
[BlackElo "1347"]
[WhiteTeam "Naumburger SV"]
[BlackTeam "USV TU Dresden"]
[PlyCount "47"]
[EventCountry "GER"]
[EventRounds "7"]
[EventType "team-swiss"]
[EventDate "2003.12.26"]

1. e4 c5 2. Nf3 e6 3. b3 Nc6 4. Bb2 d6 5. Bb5 Qb6 6. Bxc6+ Qxc6 7. d3 e5 8. O-O
Nf6 9. a4 b6 10. Na3 Be7 11. Nc4 O-O 12. Ne3 Be6 13. Ng5 Bd7 14. f4 exf4 15.
Rxf4 h6 16. Nh3 Bxh3 17. gxh3 Nh7 18. Nf5 Bg5 19. h4 g6 20. hxg5 gxf5 21. gxh6
fxe4 22. Qg4+ Ng5 23. Qxg5+ Kh7 24. Qg7# 1-0

[Event "DVM U12 2003"]
[Site "Verden/Aller GER"]
[Date "2003.12.28"]
[Round "3"]
[White "Osmanodja, Filiz"]
[Black "Mertens, Pauline"]
[Result "0-1"]
[Termination "normal"]
[Board "3.4"]
[WhiteElo "1353"]
[BlackElo "1245"]
[WhiteTeam "USV TU Dresden"]
[BlackTeam "Naumburger SV"]
[PlyCount "144"]
[WhiteFideId "24633569"]
[BlackFideId "24671959"]
[EventCountry "GER"]
[EventRounds "7"]
[EventType "team-swiss"]
[EventDate "2003.12.26"]

1. e4 c5 2. Nf3 d6 3. d4 cxd4 4. Nxd4 Nf6 5. Nc3 a6 6. Bg5 e6 7. f4 Nbd7 8. Qf3
Qc7 9. O-O-O b5 10. a3 Bb7 11. g4 Be7 12. Bxf6 Nxf6 13. g5 Nd7 14. h4 Nb6 15.
h5 O-O-O 16. Bg2 d5 17. Qe3 Nc4 18. Qg3 Bd6 19. e5 Be7 20. Rd3 Kb8 21. Na2 Qb6
22. Rhd1 Rc8 23. Rb3 Bc5 24. Qd3 Bxd4 25. Qxd4 Qxd4 26. Rxd4 Na5 27. Rc3 Rxc3
28. Nxc3 Nc4 29. Rd3 Rc8 30. Bf1 Ka7 31. Rg3 Kb6 32. g6 fxg6 33. hxg6 h6 34.
Bd3 Rf8 35. Ne2 Kc5 36. c3 Kc6 37. Rf3 Kd7 38. Rf2 Nxe5 39. Kd2 Rf6 40. Rg2
Nxd3 41. Kxd3 d4 42. Rg1 dxc3 43. Nxc3 Rxf4 44. Ke3 Rf3+ 45. Ke2 Rf5 46. Re1
Ke7 47. Rg1 Rg5 48. Rxg5 hxg5 49. Ke3 Kf6 50. a4 b4 51. Na2 a5 52. Nc1 e5 53.
Nb3 g4 54. Kf2 e4 55. Nd4 Ke5 56. Ne2 Kf5 57. Nd4+ Kxg6 58. Ne2 Kg5 59. Nd4 Kh4
60. Nf5+ Kh3 61. Ne3 g3+ 62. Kg1 g5 63. Nf1 e3 64. Nxe3 g2 65. Nf5 Bc6 66. b3
Bd5 67. Nd4 Kg3 68. Ne2+ Kf3 69. Nc1 g4 70. Kh2 Kf2 71. Nd3+ Kf1 72. Nf2 g1=Q#
0-1

[Event "DVM U12 2003"]
[Site "Verden/Aller GER"]
[Date "2003.12.28"]
[Round "3"]
[White "Fuchs, Raimond"]
[Black "Vollmer, Jürgen"]
[Result "1/2-1/2"]
[Termination "normal"]
[Board "4.1"]
[WhiteElo "1282"]
[BlackElo "1460"]
[WhiteTeam "USV Potsdam"]
[BlackTeam "SC Rastatt"]
[PlyCount "107"]
[EventCountry "GER"]
[EventRounds "7"]
[EventType "team-swiss"]
[EventDate "2003.12.26"]

1. f4 d5 2. d4 Nf6 3. Nf3 Bf5 4. e3 e6 5. Bd3 Bxd3 6. cxd3 c5 7. dxc5 Bxc5 8.
d4 Bb4+ 9. Bd2 Bxd2+ 10. Nbxd2 Nc6 11. Rc1 O-O 12. O-O Rc8 13. Ne5 Rc7 14. f5
Nxe5 15. dxe5 Rxc1 16. Qxc1 Ng4 17. fxe6 fxe6 18. Rxf8+ Qxf8 19. Nf3 Qd8 20. h3
Nh6 21. e4 dxe4 22. Ng5 Nf7 23. Nxf7 Kxf7 24. Qf4+ Kg8 25. Qxe4 Qb6+ 26. Kh1
Qxb2 27. Qc4 Qa1+ 28. Kh2 Qxe5+ 29. Kg1 Qd5 30. Qc8+ Kf7 31. Qc7+ Kf6 32. Qf4+
Ke7 33. Qc7+ Qd7 34. Qc5+ Kf7 35. Qf2+ Kg8 36. Qxa7 Qc8 37. Qb6 e5 38. Qb3+ Kf8
39. Qb4+ Kf7 40. Qb3+ Kf6 41. Qf3+ Ke7 42. Qa3+ Kf7 43. Qb3+ Kf8 44. Qf3+ Ke7
45. Qe3 Qe6 46. Qd2 Qb6+ 47. Kh2 e4 48. g3 e3 49. Qc2 g6 50. Qe4+ Kf7 51. Qf4+
Kg7 52. Qe5+ Kf7 53. Qf4+ Ke8 54. Qe5+ 1/2-1/2

[Event "DVM U12 2003"]
[Site "Verden/Aller GER"]
[Date "2003.12.28"]
[Round "3"]
[White "Hietter, Marc-Aurel"]
[Black "Friedrich, Wiede"]
[Result "0-1"]
[Termination "normal"]
[Board "4.2"]
[WhiteElo "1198"]
[BlackElo "1462"]
[WhiteTeam "SC Rastatt"]
[BlackTeam "USV Potsdam"]
[PlyCount "126"]
[BlackFideId "24629537"]
[EventCountry "GER"]
[EventRounds "7"]
[EventType "team-swiss"]
[EventDate "2003.12.26"]

1. Nf3 c6 2. d4 d5 3. e3 Bf5 4. Bd3 Bxd3 5. Qxd3 e6 6. c3 Bd6 7. O-O Nd7 8.
Nbd2 Ngf6 9. Re1 O-O 10. e4 dxe4 11. Nxe4 Nxe4 12. Qxe4 Nf6 13. Qd3 Qc7 14. Bd2
Rad8 15. Bg5 Be7 16. Ne5 c5 17. Qg3 cxd4 18. Bh6 Ne8 19. cxd4 Rxd4 20. Rad1
Rxd1 21. Rxd1 Bd6 22. Bf4 f6 23. Rc1 Qe7 24. Nc4 e5 25. Be3 Bc5 26. Bxc5 Qxc5
27. Rc3 Qd5 28. Qd3 Nc7 29. Qxd5+ Nxd5 30. Rd3 Rc8 31. b3 Nb6 32. Rc3 Nxc4 33.
Rxc4 Rxc4 34. bxc4 Kf7 35. Kf1 Ke6 36. Ke2 Kd6 37. Kd3 Kc5 38. Kc3 f5 39. a3 g5
40. f3 h5 41. Kd3 b5 42. cxb5 Kxb5 43. g3 Kc5 44. h3 h4 45. g4 fxg4 46. fxg4
Kd5 47. Ke3 e4 48. a4 a5 49. Kd2 Kd4 50. Ke2 e3 51. Ke1 Ke4 52. Ke2 Kf4 53. Ke1
Kg3 54. Ke2 Kxh3 55. Kxe3 Kxg4 56. Kf2 Kf4 57. Kg2 g4 58. Kh2 h3 59. Kg1 Kf3
60. Kh1 Kf2 61. Kh2 g3+ 62. Kh1 g2+ 63. Kh2 g1=Q+ 0-1

[Event "DVM U12 2003"]
[Site "Verden/Aller GER"]
[Date "2003.12.28"]
[Round "3"]
[White "Peter, Tizian"]
[Black "Kaupp, Dennis"]
[Result "0-1"]
[Termination "normal"]
[Board "4.3"]
[WhiteElo "1209"]
[BlackElo "1221"]
[WhiteTeam "USV Potsdam"]
[BlackTeam "SC Rastatt"]
[PlyCount "130"]
[EventCountry "GER"]
[EventRounds "7"]
[EventType "team-swiss"]
[EventDate "2003.12.26"]

1. e4 d6 2. d4 g6 3. Nf3 Bg7 4. Bf4 Bg4 5. Be2 Nd7 6. c3 Bxf3 7. Bxf3 e5 8. Be3
Ne7 9. O-O O-O 10. Qe2 f5 11. Nd2 f4 12. dxe5 dxe5 13. Qc4+ Rf7 14. Bg4 Nf8 15.
Rad1 fxe3 16. fxe3 Qe8 17. a4 Nc6 18. Nb3 Nd8 19. Nc5 b6 20. Nd7 Kh8 21. Nxf8
Rxf8 22. Bd7 Rxf1+ 23. Kxf1 Qf7+ 24. Qxf7 Nxf7 25. Be6 Ng5 26. Bd5 Rd8 27. Ke2
h5 28. h4 Nh7 29. Bf7 Rxd1 30. Kxd1 Nf8 31. Kd2 Bf6 32. g3 Kg7 33. Be8 Be7 34.
Kd3 a5 35. Kc4 Ne6 36. Kd5 Kf6 37. Bd7 Nc5 38. Bb5 Bd6 39. b4 axb4 40. cxb4 Nb3
41. Kc6 Bxb4 42. Kxc7 Bc5 43. Bc4 Nd2 44. Bd5 Nf1 45. Kc6 Bxe3 46. Kd6 Nxg3 47.
Be6 Nxe4+ 48. Kd5 Nc3+ 49. Kd6 Nxa4 50. Bb3 Nc3 51. Bc2 Bf2 52. Kc6 b5 53. Kd6
g5 54. hxg5+ Kxg5 55. Kxe5 h4 56. Bf5 Bg3+ 57. Ke6 b4 58. Bh3 b3 59. Bf5 b2 60.
Bh7 h3 61. Bf5 h2 62. Bb1 h1=Q 63. Kf7 Qxb1 64. Kg8 Qg6+ 65. Kf8 Bd6# 0-1

[Event "DVM U12 2003"]
[Site "Verden/Aller GER"]
[Date "2003.12.28"]
[Round "3"]
[White "Rohde, Dirk"]
[Black "Paschke, Hilko"]
[Result "1-0"]
[Termination "normal"]
[Board "4.4"]
[WhiteElo "1096"]
[BlackElo "1129"]
[WhiteTeam "SC Rastatt"]
[BlackTeam "USV Potsdam"]
[PlyCount "131"]
[EventCountry "GER"]
[EventRounds "7"]
[EventType "team-swiss"]
[EventDate "2003.12.26"]

1. d4 d5 2. Nf3 Nc6 3. e3 Nf6 4. c3 Bg4 5. Nbd2 e6 6. h3 Bf5 7. Qb3 b6 8. Bb5
Qd6 9. Ne5 Rb8 10. Nxc6 Ra8 11. Ne5+ Ke7 12. Nc6+ Ke8 13. Ne5+ Ke7 14. Ndf3 h6
15. Nh4 a6 16. Nxf5+ exf5 17. Bd3 g6 18. Bd2 b5 19. a4 bxa4 20. Rxa4 Ne4 21.
Bxe4 fxe4 22. Qb4 Qxb4 23. Rxb4 Kf6 24. Nd7+ Kg7 25. Rb8 Rxb8 26. Nxb8 a5 27.
O-O Bd6 28. Nc6 Ra8 29. Ra1 a4 30. Bc1 f6 31. Nb4 Bxb4 32. cxb4 c6 33. b3 a3
34. Rxa3 Rb8 35. Ra7+ Kg8 36. Bd2 h5 37. f3 Kf8 38. fxe4 dxe4 39. Ra5 Ke7 40.
Kf2 h4 41. g3 hxg3+ 42. Kxg3 f5 43. Bc3 Ke6 44. Kf4 Rc8 45. h4 Rc7 46. Ra6 Rc8
47. d5+ Kxd5 48. Ra5+ Ke6 49. Re5+ Kf7 50. Ra5 Ke6 51. Rc5 Kd6 52. Be5+ Kd7 53.
b5 cxb5 54. Rxc8 Kxc8 55. Kg5 Kd7 56. Kxg6 Ke6 57. Bf4 b4 58. h5 Ke7 59. Kg7
Ke6 60. h6 Kd7 61. h7 Ke8 62. h8=Q+ Ke7 63. Qf8+ Kd7 64. Qd6+ Ke8 65. Qc6+ Ke7
66. Bg5# 1-0

[Event "DVM U12 2003"]
[Site "Verden/Aller GER"]
[Date "2003.12.28"]
[Round "3"]
[White "Heistermann, Till"]
[Black "Schätz, Christopher"]
[Result "1/2-1/2"]
[Termination "normal"]
[Board "5.1"]
[WhiteElo "1573"]
[BlackElo "1438"]
[WhiteTeam "SC Leipzig-Gohlis"]
[BlackTeam "USG Chemnitz"]
[PlyCount "61"]
[BlackFideId "24623997"]
[EventCountry "GER"]
[EventRounds "7"]
[EventType "team-swiss"]
[EventDate "2003.12.26"]

1. e4 c5 2. Nf3 Nc6 3. d4 cxd4 4. Nxd4 Nf6 5. Nc3 g6 6. Be3 d6 7. f3 Bg7 8. Qd2
O-O 9. Bc4 Bd7 10. O-O-O a6 11. Kb1 b5 12. Bb3 Ne5 13. g4 a5 14. Nd5 Nxe4 15.
fxe4 a4 16. Nxe7+ Qxe7 17. Bd5 Bxg4 18. Rdg1 Nf3 19. Qd3 Nxg1 20. Rxg1 Bd7 21.
Bxa8 Rxa8 22. Nf5 Bxf5 23. exf5 Qe5 24. c3 Re8 25. Rg3 Qe4 26. Kc2 d5 27. fxg6
fxg6 28. Kd2 Qxd3+ 29. Kxd3 Re4 30. Rf3 Be5 31. h3 1/2-1/2

[Event "DVM U12 2003"]
[Site "Verden/Aller GER"]
[Date "2003.12.28"]
[Round "3"]
[White "Leschner, Marius"]
[Black "Doberitz, Paul"]
[Result "0-1"]
[Termination "normal"]
[Board "5.2"]
[WhiteElo "1234"]
[BlackElo "1560"]
[WhiteTeam "USG Chemnitz"]
[BlackTeam "SC Leipzig-Gohlis"]
[PlyCount "82"]
[WhiteFideId "4613813"]
[BlackFideId "24646130"]
[EventCountry "GER"]
[EventRounds "7"]
[EventType "team-swiss"]
[EventDate "2003.12.26"]

1. e4 c5 2. Nf3 d6 3. d4 cxd4 4. Nxd4 Nf6 5. Nc3 g6 6. Be3 Bg7 7. h3 O-O 8. Bc4
Nc6 9. O-O Bd7 10. Qd2 a6 11. Kh1 Rc8 12. Bb3 b5 13. Nxc6 Bxc6 14. a3 Nxe4 15.
Nxe4 Bxe4 16. c3 Qd7 17. f3 Bc6 18. Bd4 e5 19. Bf2 d5 20. Rfe1 Rfe8 21. Bc2 Qb7
22. Re2 Rcd8 23. Rd1 f5 24. Rde1 Bf6 25. Bg3 e4 26. fxe4 dxe4 27. Bb3+ Bd5 28.
Qc2 Bxb3 29. Qxb3+ Qd5 30. Qc2 Kh8 31. Bf4 Qd3 32. Qc1 Qc4 33. Qc2 Rd3 34. Rd2
Rxd2 35. Qxd2 Rd8 36. Qc2 Qd3 37. Qxd3 Rxd3 38. Kg1 Bh4 39. Be5+ Kg8 40. Re2 e3
41. Bd4 Bg3 0-1

[Event "DVM U12 2003"]
[Site "Verden/Aller GER"]
[Date "2003.12.28"]
[Round "3"]
[White "Wang, Zhangxian"]
[Black "Allert, Maximilian"]
[Result "1-0"]
[Termination "normal"]
[Board "5.3"]
[WhiteElo "1390"]
[BlackElo "1315"]
[WhiteTeam "SC Leipzig-Gohlis"]
[BlackTeam "USG Chemnitz"]
[PlyCount "115"]
[EventCountry "GER"]
[EventRounds "7"]
[EventType "team-swiss"]
[EventDate "2003.12.26"]

1. e4 e5 2. Nf3 Nc6 3. d4 exd4 4. Nxd4 Nxd4 5. Qxd4 c5 6. Qd1 Nf6 7. Nc3 d6 8.
Bg5 Be7 9. Qd2 h6 10. Bxf6 Bxf6 11. Rd1 Be5 12. f4 Bxc3 13. Qxc3 Qf6 14. Qxf6
gxf6 15. Rxd6 Ke7 16. Rd2 Be6 17. Kf2 Rad8 18. Bd3 c4 19. f5 Bc8 20. Rhd1 cxd3
21. Rxd3 Rxd3 22. Rxd3 Rd8 23. Rc3 a6 24. Ke2 Bd7 25. Rc7 Rb8 26. g4 Kd6 27.
Rc3 Bc6 28. Kf3 Re8 29. Rc4 b5 30. Rd4+ Kc5 31. c3 Re7 32. b4+ Kb6 33. Rd6 Rxe4
34. Rxc6+ Kxc6 35. Kxe4 Kd6 36. Kd4 Kc6 37. c4 Kd6 38. c5+ Kc6 39. a3 Kc7 40.
Kd5 Kd7 41. c6+ Kc7 42. Kc5 Kb8 43. Kb6 Kc8 44. c7 Kd7 45. Kb7 Kd6 46. c8=Q Kd5
47. Qe8 Kd4 48. Qe2 Kd5 49. Qe3 Kd6 50. Qe4 Kd7 51. Qd5+ Ke8 52. Kc7 Kf8 53.
Kd7 h5 54. gxh5 Kg7 55. Ke7 a5 56. Qxf7+ Kh8 57. h6 axb4 58. Qg7# 1-0

[Event "DVM U12 2003"]
[Site "Verden/Aller GER"]
[Date "2003.12.28"]
[Round "3"]
[White "Le Minh, Viet"]
[Black "Hasenclever, Leonard"]
[Result "0-1"]
[Termination "normal"]
[Board "5.4"]
[WhiteElo "1164"]
[BlackElo "1222"]
[WhiteTeam "USG Chemnitz"]
[BlackTeam "SC Leipzig-Gohlis"]
[PlyCount "80"]
[EventCountry "GER"]
[EventRounds "7"]
[EventType "team-swiss"]
[EventDate "2003.12.26"]

1. e4 c5 2. Nf3 d6 3. d4 cxd4 4. Nxd4 Nf6 5. Nc3 g6 6. Be3 Bg7 7. Qd2 O-O 8.
Bc4 Nc6 9. Bb3 Bd7 10. f3 Qa5 11. O-O-O Rfc8 12. Qe2 a6 13. Nxc6 Rxc6 14. Nd5
Nxd5 15. Bxd5 Rc7 16. a3 Rac8 17. Bb3 Ba4 18. Bxa4 Qxa4 19. c3 Rxc3+ 20. bxc3
Qxa3+ 21. Kb1 Rxc3 22. Rc1 Rxe3 23. Rc8+ Bf8 24. Qc2 Rb3+ 25. Qxb3 Qxb3+ 26.
Kc1 Qa2 27. Rd1 b5 28. Rd2 Qa1+ 29. Kc2 Qa4+ 30. Kb2 b4 31. Rdc2 Qa3+ 32. Kb1
b3 33. Rb2 Qb4 34. h3 a5 35. Re2 a4 36. Ra8 a3 37. h4 a2+ 38. Ka1 Qc3+ 39. Rb2
Qc1+ 40. Rb1 Qxb1# 0-1

[Event "DVM U12 2003"]
[Site "Verden/Aller GER"]
[Date "2003.12.28"]
[Round "3"]
[White "Rafiee, Makan"]
[Black "Kordts, Florian"]
[Result "0-1"]
[Termination "normal"]
[Board "6.1"]
[WhiteElo "1647"]
[BlackElo "1400"]
[WhiteTeam "SK Baunatal"]
[BlackTeam "SC Postbauer-Heng"]
[PlyCount "86"]
[WhiteFideId "24609340"]
[BlackFideId "24626856"]
[EventCountry "GER"]
[EventRounds "7"]
[EventType "team-swiss"]
[EventDate "2003.12.26"]

1. e4 c5 2. Nf3 Nc6 3. d4 cxd4 4. Nxd4 g6 5. c4 Bg7 6. Be3 Nf6 7. Nc3 d6 8. Be2
O-O 9. O-O Bd7 10. f3 Rc8 11. Rc1 a6 12. Qd2 Qa5 13. Nb3 Qc7 14. Nd5 Qb8 15.
Nb6 Rcd8 16. a4 Be6 17. Nd4 Nxd4 18. Bxd4 Nd7 19. a5 Nxb6 20. Bxb6 Rc8 21. Bd4
Bxd4+ 22. Qxd4 Qc7 23. b4 Qd7 24. b5 Rc5 25. Rb1 Rfc8 26. Rfd1 Qc7 27. Ra1 Bxc4
28. b6 Qc6 29. Bxc4 Rxc4 30. Qd3 Qc5+ 31. Kh1 Qe5 32. Qd2 Rc2 33. Qe3 Qc5 34.
Qe1 Qf2 35. Qxf2 Rxf2 36. Kg1 Rcc2 37. Rac1 Rxg2+ 38. Kf1 Rgf2+ 39. Kg1 Rxh2
40. Rxc2 Rxc2 41. e5 Rc6 42. exd6 exd6 43. Re1 Kf8 0-1

[Event "DVM U12 2003"]
[Site "Verden/Aller GER"]
[Date "2003.12.28"]
[Round "3"]
[White "Riexinger, Martin"]
[Black "Sergin, Mark"]
[Result "1/2-1/2"]
[Termination "normal"]
[Board "6.2"]
[WhiteElo "1289"]
[BlackElo "1485"]
[WhiteTeam "SC Postbauer-Heng"]
[BlackTeam "SK Baunatal"]
[PlyCount "79"]
[WhiteFideId "24674320"]
[BlackFideId "24615307"]
[EventCountry "GER"]
[EventRounds "7"]
[EventType "team-swiss"]
[EventDate "2003.12.26"]

1. d4 Nf6 2. c4 g6 3. Nc3 Bg7 4. e4 d6 5. f3 O-O 6. Bg5 h6 7. Be3 Bd7 8. Qd2
Kh7 9. Bd3 a6 10. Nge2 Nc6 11. a3 Rb8 12. b3 Na5 13. Rb1 Nc6 14. b4 e6 15. h4
Rh8 16. Qb2 Kg8 17. a4 a5 18. b5 Nb4 19. Qd2 Qe7 20. g4 Ra8 21. g5 hxg5 22.
Bxg5 Nxd3+ 23. Qxd3 Bh6 24. Kd2 Bxg5+ 25. hxg5 Nh5 26. Rbg1 Kg7 27. Qe3 Rad8
28. e5 Bc8 29. Nf4 Nxf4 30. Qxf4 Rdg8 31. Qf6+ Qxf6 32. exf6+ Kf8 33. Ke3 b6
34. f4 Bb7 35. Rxh8 Rxh8 36. d5 Rh3+ 37. Kd2 Rh2+ 38. Kd3 Rh3+ 39. Kd2 Rh2+ 40.
Kd1 1/2-1/2